[Event "Kasker 4"]
[Site "http://www.queenalice.com/game.php?id=1629096"]
[Date "2020.10.5"]
[Round "4"]
[White "Alsina"]
[Black "breizatao"]
[Result "1-0"]
[WhiteElo "2666"]
[BlackElo "2538"]

1. e4 e5 2. Bc4 f5 3. d3 Nf6 4. Nf3 c6 5. O-O d6 6. Re1 fxe4 7. dxe4 Qe7 8. a4
Be6 9. Nbd2 Nbd7 10. b3 O-O-O 11. Ba3 Ne8 12. Bxe6 Qxe6 13. Nc4 Be7 14. Qd3 g5
15. Qe3 Kb8 16. Nxg5 Qf6 17. Nf3 Rg8 18. Rad1 1-0

[Event "AUTO-OPEN-4252"]
[Site "http://www.queenalice.com/game.php?id=1641447"]
[Date "2021.1.25"]
[Round "1"]
[White "breizatao"]
[Black "MackMendes"]
[Result "1-0"]
[WhiteElo "2541"]
[BlackElo "2286"]

1. b4 d5 2. Bb2 Bf5 3. e3 Nf6 4. Nf3 Nbd7 5. c4 c6 6. cxd5 cxd5 7. Be2 g6 8. O-O
Bg7 9. Qb3 O-O 10. Nc3 Kh8 11. a4 a5 12. Rfc1 axb4 13. Qxb4 e5 14. Nb5 Rg8 15.
Nxe5 Ne4 16. Nxf7# 1-0

[Event "AUTO-OPEN-4252"]
[Site "http://www.queenalice.com/game.php?id=1641448"]
[Date "2021.1.25"]
[Round "1"]
[White "MackMendes"]
[Black "breizatao"]
[Result "0-1"]
[WhiteElo "2294"]
[BlackElo "2544"]

1. d4 Nf6 2. Nf3 d5 3. c4 e6 4. Bg5 Be7 5. e3 O-O 6. cxd5 exd5 7. Bd3 h6 8. Bh4
Ne4 9. Bxe7 Qxe7 10. Qc2 c6 11. Nc3 Bf5 12. Nd2 Re8 13. O-O Nxd2 14. Qxd2 Bxd3
15. Qxd3 Nd7 16. Rae1 a6 17. f4 Nf6 18. Rf3 Rad8 19. Rg3 c5 20. dxc5 d4 21. Nd1
Qxc5 22. e4 Qc1 23. f5 Rxe4 24. Rxe4 Nxe4 25. Rg4 Nd2 26. Rf4 Qxd1+ 27. Rf1
Qxf1+ 0-1

[Event "AUTO-OPEN-4252"]
[Site "http://www.queenalice.com/game.php?id=1641451"]
[Date "2021.1.25"]
[Round "1"]
[White "breizatao"]
[Black "Pin"]
[Result "1-0"]
[WhiteElo "2534"]
[BlackElo "2063"]

1. b4 d5 2. Bb2 Bf5 3. e3 e6 4. c4 c6 5. Nf3 Nf6 6. a3 Nbd7 7. c5 a5 8. d4 axb4
9. axb4 Rxa1 10. Bxa1 Be7 11. Be2 O-O 12. O-O Ne4 13. Nbd2 Ndf6 14. Ne5 Nd7 15.
Nxd7 Qxd7 16. Nxe4 Bxe4 17. Qa4 Bh4 18. Bc3 Qe7 19. g3 Bg5 20. b5 Qf6 21. f4 Bh6
22. bxc6 bxc6 23. Qxc6 Qf5 24. Qa6 Rb8 25. c6 Qh3 26. Bf3 1-0

[Event "AUTO-OPEN-4252"]
[Site "http://www.queenalice.com/game.php?id=1641452"]
[Date "2021.1.25"]
[Round "1"]
[White "Pin"]
[Black "breizatao"]
[Result "0-1"]
[WhiteElo "2058"]
[BlackElo "2533"]

1. e4 e5 2. Nf3 Nc6 3. Bb5 a6 4. Ba4 f5 5. d3 fxe4 6. dxe4 Nf6 7. Qe2 d6 8. Nc3
b5 9. Bb3 Na5 10. O-O Nxb3 11. axb3 c6 12. Bg5 Be7 13. Rad1 Bg4 14. Qe3 Qc7 15.
Rd2 O-O 16. Nh4 b4 17. Na4 Nxe4 18. Qxe4 Bxg5 19. Qxg4 Bxd2 20. Qe6+ Kh8 21. Rd1
Bg5 22. Nf3 Bf4 23. Rxd6 Rf6 24. Rxc6 Qxc6 0-1

[Event "noroc2021"]
[Site "http://www.queenalice.com/game.php?id=1645600"]
[Date "2021.3.4"]
[Round "1"]
[White "Zanocovsky"]
[Black "breizatao"]
[Result "0-1"]
[WhiteElo "1838"]
[BlackElo "2547"]

1. d4 Nf6 2. Nf3 d5 3. Nbd2 e6 4. e3 c5 5. Bb5+ Bd7 6. Bxd7+ Nbxd7 7. dxc5 Nxc5
8. O-O Be7 9. h3 O-O 10. Ne5 Qc7 11. Ndf3 Rac8 12. c3 b5 13. Re1 Bd6 14. Nd3 Na4
15. Qb3 a6 16. Nf4 Nc5 17. Qd1 Nfe4 18. Nd4 g5 19. Nh5 f5 20. f3 Bh2+ 21. Kf1 e5
22. Nxb5 axb5 23. Qxd5+ Kh8 0-1

[Event "noroc2021"]
[Site "http://www.queenalice.com/game.php?id=1758122"]
[Date "2021.4.30"]
[Round "2"]
[White "breizatao"]
[Black "Dangermouse"]
[Result "1-0"]
[WhiteElo "2548"]
[BlackElo "2106"]

1. b4 d5 2. Bb2 e6 3. e3 Nf6 4. a3 Bd6 5. Nf3 a5 6. b5 Nbd7 7. c4 O-O 8. Be2
dxc4 9. Bxc4 Nc5 10. d4 Ncd7 11. Nbd2 c5 12. Be2 cxd4 13. Nc4 Bc5 14. Bxd4 Bxd4
15. Qxd4 b6 16. O-O Bb7 17. Rfd1 Nc5 18. Qxd8 Rfxd8 19. Nxb6 Rab8 20. Rxd8+ Rxd8
21. Rc1 Ncd7 22. Nxd7 Nxd7 23. Rc7 Ba8 24. Ra7 Kf8 25. h4 Bd5 26. Rxa5 Nb6 27.
Ra6 Rb8 28. a4 1-0

[Event "noroc2021"]
[Site "http://www.queenalice.com/game.php?id=1762487"]
[Date "2021.6.17"]
[Round "3"]
[White "pizzaiolo72"]
[Black "breizatao"]
[Result "0-1"]
[WhiteElo "2088"]
[BlackElo "2557"]

1. e4 e5 2. Nf3 Nc6 3. Bb5 a6 4. Ba4 f5 5. Bxc6 dxc6 6. Nc3 Nf6 7. d4 exd4 8.
Qxd4 Qxd4 9. Nxd4 Nxe4 10. Nxe4 fxe4 11. O-O Bd7 12. Re1 O-O-O 13. Rxe4 Bf5 14.
Rf4 Bg6 15. Be3 Bd6 16. Rg4 c5 17. Ne6 Rde8 18. Nf4 Bxc2 19. Rc1 Be4 20. Rxg7
Rhf8 21. Ne2 Be5 22. Rg5 Bxb2 23. Rcxc5 b6 24. Rc4 Bd3 25. Rc6 Bxe2 26. Bxb6 Kb7
27. Rxc7+ Kxb6 28. Rxh7 Bd3 29. Rh6+ Kb7 30. h3 Re1+ 31. Kh2 Rxf2 0-1

[Event "AUTO-OPEN-4252"]
[Site "http://www.queenalice.com/game.php?id=1762613"]
[Date "2021.6.19"]
[Round "2"]
[White "danielglowinski"]
[Black "breizatao"]
[Result "0-1"]
[WhiteElo "2577"]
[BlackElo "2587"]

1. e4 e5 2. Nf3 Nc6 3. Bc4 Nf6 4. d3 Be7 5. Nc3 d6 6. O-O Na5 7. Bb3 O-O 8. d4
exd4 9. Qxd4 Re8 10. Qd3 Nxb3 11. axb3 h6 12. Rd1 Bg4 13. h3 Bh5 14. Be3 Bf8 15.
Ra4 a6 16. Rda1 c6 17. Kh2 Bg6 18. Nh4 Ng4+ 19. hxg4 Qxh4+ 20. Kg1 Qxg4 21. Qd4
Qe6 22. Qd2 f5 23. exf5 Qxf5 24. Rc1 d5 25. Rf4 Qe5 26. Rf3 Bb4 27. Rd1 Re6 28.
Rc1 Rae8 29. Bd4 Qc7 30. Be3 Qe7 31. Qd4 Bd6 32. Rh3 Bf5 33. Rh1 Be5 34. Nxd5
cxd5 35. Qxd5 Bxb2 36. Rb1 Be4 0-1

[Event "AUTO-OPEN-4252"]
[Site "http://www.queenalice.com/game.php?id=1762614"]
[Date "2021.6.19"]
[Round "2"]
[White "breizatao"]
[Black "danielglowinski"]
[Result "1-0"]
[WhiteElo "2585"]
[BlackElo "2497"]

1. b4 e5 2. a3 a5 3. b5 d5 4. Bb2 Nd7 5. e3 Ngf6 6. c4 Bd6 7. cxd5 Nxd5 8. Qc2
Qe7 9. Nf3 e4 10. Nd4 Nc5 11. Nc3 Nxc3 12. Bxc3 O-O 13. Be2 Qg5 14. h4 Qxg2 15.
O-O-O h5 16. Rdg1 Qxf2 17. Rf1 Qg3 18. Rhg1 Qh3 19. Nf5 g6 20. Nh6+ Kh7 21. Nxf7
Qxh4 22. Ng5+ 1-0

[Event "noroc2021"]
[Site "http://www.queenalice.com/game.php?id=1768543"]
[Date "2021.9.2"]
[Round "4"]
[White "breizatao"]
[Black "CCapivara"]
[Result "1-0"]
[WhiteElo "2584"]
[BlackElo "2235"]

1. b4 d6 2. Bb2 e5 3. c4 f5 4. g3 Nf6 5. Bg2 c6 6. d3 Be7 7. Nf3 O-O 8. O-O Kh8
9. Nbd2 Be6 10. c5 e4 11. Nd4 Bd7 12. cxd6 Bxd6 13. dxe4 fxe4 14. Nxe4 Nxe4 15.
Bxe4 Bxb4 16. Qc2 h6 17. Rad1 Qc8 18. Qc1 Bh3 19. Nf5 Qe6 20. Nxg7 Qxe4 21.
Qxh6+ Qh7 22. Nf5+ Kg8 23. Qg5+ Kf7 24. Qf6+ Kg8 25. Nh6+ 1-0

[Event "noroc2021"]
[Site "http://www.queenalice.com/game.php?id=1774847"]
[Date "2021.11.15"]
[Round "5"]
[White "TheRealHousekeeper"]
[Black "breizatao"]
[Result "1/2-1/2"]
[WhiteElo "2384"]
[BlackElo "2591"]

1. Nf3 Nf6 2. g3 g6 3. Bg2 Bg7 4. O-O O-O 5. d4 c6 6. Nbd2 d5 7. Re1 Bf5 8. Nh4
Be6 9. c3 Nbd7 10. e4 dxe4 11. Nxe4 Nxe4 12. Bxe4 Bc4 13. Nf3 e5 14. dxe5 Nxe5
15. Nxe5 Bxe5 16. Qxd8 Raxd8 17. Bc2 Rfe8 1/2-1/2

[Event "AUTO-OPEN-4252"]
[Site "http://www.queenalice.com/game.php?id=1782093"]
[Date "2022.2.3"]
[Round "3"]
[White "Vedovanera"]
[Black "breizatao"]
[Result "1/2-1/2"]
[WhiteElo "2432"]
[BlackElo "2595"]

1. e4 e5 2. Nf3 Nc6 3. d4 exd4 4. Bc4 Bc5 5. c3 Nf6 6. e5 d5 7. Be2 Ne4 8. cxd4
Bb6 9. O-O O-O 10. Nc3 Be6 11. Be3 f6 12. exf6 Qxf6 13. Rc1 Rae8 14. Re1 a6 15.
a3 Bf7 16. h3 h6 17. Bd3 Nxc3 18. bxc3 Bh5 19. Be2 Bg6 20. Bd3 Bh5 21. Be2 Bg6
1/2-1/2

[Event "AUTO-OPEN-4252"]
[Site "http://www.queenalice.com/game.php?id=1782094"]
[Date "2022.2.3"]
[Round "3"]
[White "breizatao"]
[Black "Vedovanera"]
[Result "1/2-1/2"]
[WhiteElo "2592"]
[BlackElo "2437"]

1. b4 Nf6 2. Bb2 c6 3. e3 e6 4. a3 Be7 5. Nf3 d5 6. c4 Nbd7 7. c5 O-O 8. d4 a5
9. Nbd2 h6 10. Bd3 b6 11. O-O Ba6 12. Qc2 Bxd3 13. Qxd3 Qc7 14. Rfc1 axb4 15.
axb4 Qb7 16. Bc3 Rfc8 17. h3 Rxa1 18. Rxa1 Ra8 19. Rxa8+ Qxa8 20. Qb1 Qa3 21.
Qa1 Qxa1+ 22. Bxa1 Kf8 23. Kf1 1/2-1/2